Largest Universities/Colleges in Each U.S. State with Exceptions - Statistics

General Stats
  • This quiz has been taken 1,216 times
    910 since last reset
  • The average score is 10 of 50
Answer Stats
State Largest University/College Student Enrollment % Correct
Alabama Auburn 31,764
74%
Massachusetts Boston University 36,714
50%
Rhode Island Brown 11,189
48%
Utah BYU 34,464
48%
Illinois Northwestern 23,161
48%
Indiana Purdue 51,528
46%
New York Columbia 34,782
45%
Louisiana Tulane 14,027
44%
Idaho Boise State 26,115
43%
South Carolina Clemson 28,466
43%
Pennsylvania Pittsburgh 33,767
43%
New Hampshire Dartmouth 6,744
41%
Arizona Grand Canyon 101,816
41%
Kentucky Louisville 22,017
40%
Ohio Cincinnati 41,155
36%
California San Diego State 37,402
33%
Tennessee Memphis 21,917
30%
Maryland Johns Hopkins 31,275
26%
Kansas Wichita State 16,216
26%
Oregon Portland State 21,609
25%
West Virginia Marshall 10,691
22%
Missouri Washington 17,012
21%
Iowa Drake 4,685
20%
Virginia Liberty 96,709
20%
Wisconsin Madison Area Technical College 12,982
16%
Mississippi Jackson State 6,906
15%
North Carolina East Carolina 27,151
12%
Texas Dallas College 64,176
10%
Georgia Kennesaw State 43,190
10%
Michigan Wayne State 23,630
9%
Delaware Wilmington 14,020
8%
Hawaii Chaminade 2,369
5%
Montana Carroll College 1,168
2%
Vermont Champlain 3,543
2%
Arkansas Harding 4,805
2%
Wyoming Laramie County 3,770
2%
New Jersey Montclair State 21,784
2%
Maine New England 6,434
2%
Washington Bellevue College 10,617
1%
Nebraska Bellevue University 13,841
1%
North Dakota Bismarck State 3,771
1%
South Dakota Black Hills State 3,425
1%
Florida Miami Dade College 47,245
1%
Oklahoma Northeastern State 6,702
1%
Connecticut Post 17,034
1%
Colorado Front Range 19,449
0%
Alaska Ilisagvik 179
0%
New Mexico Navajo Tech 1,354
0%
Nevada Truckee Meadows 9,651
0%
Minnesota Walden 42,312
0%
No matching quizzes found
Score Distribution
Percent of People with Each Score
Percentile by Number Answered
Your Score History
You have not taken this quiz since the last reset